000 01219nas a2200349 4500
001 BR2011003727
003 BR-BrBNA
005 20231205115419.0
007 ta
008 230509b bl.|||p| |||| 00| 00por d
040 _aBR-BrBNA
_bpor
_cBiblioteca Nacional de Agricultura
041 _a(Pt)
072 _aH20
100 1 _aAndrade, G.C.G.
100 1 _aAlfenas, A.C.
100 1 _aMafia, R.G.
100 1 _aZauza, E.A.V.
100 1 _aCouto, M.M.F.
100 1 _aMaffia, L.A.
245 1 _aCaracterísticas culturais e severidade da mancha foliar de Quambalaria eucalypti sob diferentes regimes de temperatura, luz e período de molhamento foliar
246 1 _aCultural characteristics and severity of the Quambalaria eucalypti leaf spot under different temperatures light regimes and leaf wetness duration
650 _aEUCALIPTO
650 _aEUCALYPTUS SPP
650 _aMANCHA FOLIAR
650 _aTEMPERATURA
650 _aRADIAÇÃO LUMINOSA
650 _aANELAGEM
650 _aMEIO DE CULTURA
773 0 _tFitopatologia Brasileira (Brazil)
_xISSN 0100-4158
_g(Jul-Aug 2007), v. 32(4) p. 329-334
_wBR2011003727
909 _a202311
_bLúcia
_c55
_dLúcia Elande
942 _2AGRIS
_n0
_cANA
999 _c213671
_d213671